| 000 | 00535nam a2200193 a 4500 | ||
|---|---|---|---|
| 005 | 20140310183256.0 | ||
| 008 | 041103s19uu xx 00 eng d | ||
| 050 |
_aRC 266 _b.Ot91 2004 |
||
| 100 | _aOtto, Shirley E. | ||
| 245 |
_aOncology nursing clinical reference./ _cShirley E. Otto. |
||
| 260 |
_aUSA : _bMosby, Inc. _cc2004. |
||
| 300 |
_axvi. 507 p. : _c19 cm. |
||
| 521 | _aNUR | ||
| 650 |
_aCancer _xNursing. |
||
| 650 |
_aNeoplasms _xTheraphy. |
||
| 650 | _aOncologic Nursing. | ||
| 942 |
_cBK _2lcc _kFOR |
||
| 999 |
_c20864 _d20864 |
||